000 01247nam a2200241Ia 4500
999 _c50983
_d50983
001 17940
003 GE_BSU
005 20200228163156.0
008 181216s2003 xx |||||||||||||| ||geo||
040 _cGE_BSU
041 _ageo
080 _a621.31(075.8) ლ-69
100 _aლაოშვილი, დ.
_97652
245 _aელექტროენერგეტიკა :
_bსახელმძღვანელო უმაღლესი სასწავლებლებისათვის /
_c დ. ლაოშვილი ; სამეცნ. რედ. პ. მერაბიშვილი.[რედ. ბ. ჭუნაშვილი]
264 _aთბილისი :
_bტექნიკური უნივერსიტეტი,
_c2003.
300 _a384 გვ. :
_b ილ. ;
_c29 სმ.
504 _aბიბლიოგრ.: გვ. 379-380
653 _aელექტროენერგეტიკა.
653 _aსახელმძღვანელო
700 _aმერაბიშვილი, პ
_eსამეცნიერო რედაქტორი
_92765
700 _aჭუნაშვილი, ბ
_eრედაქტორი
_97653
942 _cBK
_2udc